000 00210nam a22000857a 4500
001 1235368
005 20250930130024.0
245 _aAY'A TIRMANAN ÇOCUK
_cDAVİD ALMOND
260 _bGÜNIŞIĞI KİTAPLIĞI YAYINLARI
999 _c1235368
_d1235368